<?xml version="1.0" encoding="UTF-8"?>
<marc:record xmlns:marc="http://www.loc.gov/MARC21/slim">
   <marc:leader>00000nam a2200000 a 4500</marc:leader>
   <marc:datafield ind1="1" ind2=" " tag="100">
      <marc:subfield code="a">Lohmann, Eva</marc:subfield>
      <marc:subfield code="4">aut</marc:subfield>
      <marc:subfield code="e">Verfasser/-in</marc:subfield>
   </marc:datafield>
   <marc:datafield ind1="0" ind2="0" tag="245">
      <marc:subfield code="a">Das leise Platzen unserer Träume</marc:subfield>
   </marc:datafield>
   <marc:datafield ind1=" " ind2="1" tag="264">
      <marc:subfield code="b">Eisele</marc:subfield>
      <marc:subfield code="c">2024</marc:subfield>
   </marc:datafield>
   <marc:datafield ind1="1" ind2=" " tag="520">
      <marc:subfield code="a">Ein Haus auf dem Land. Das hast du dir immer gewünscht, Jule. Dazu ein wilder Garten, durch den eure Kinder rennen. So hast du dir das Glück vorgestellt.
Doch die Kinder sind nie gekommen. Und dein Mann hat jetzt eine Affäre in der Stadt. Ihr Name ist Hellen, und Hellen denkt viel an dich. Vielleicht ein bisschen zu viel. [Klappentext]</marc:subfield>
   </marc:datafield>
   <marc:datafield ind1=" " ind2=" " tag="020">
      <marc:subfield code="a">9783961612024</marc:subfield>
      <marc:subfield code="9">9783961612024</marc:subfield>
   </marc:datafield>
</marc:record>
